书目信息 |
| 题名: |
计算机文化基础
|
|
| 作者: | 刘振安 , 苏仕华 , 张允熠 编著 | |
| 分册: | ||
| 出版信息: | 北京 科学出版社 1999.9 |
|
| 页数: | 177页 | |
| 开本: | 16开 | |
| 丛书名: | ||
| 单 册: | ||
| 中图分类: | TP3-05 | |
| 科图分类: | ||
| 主题词: | 计算技术 , 电子计算机 | |
| 电子资源: | ||
| ISBN: | 7-03-007396-7 | |
| 000 | 00659nam0 2200229 45 | |
| 001 | 0012191477 | |
| 005 | 20031219104048.2 | |
| 010 | @a7-03-007396-7@dCNY16.00 | |
| 100 | @a20001219d1999 km y0chiy0120 ea | |
| 101 | 0 | @achi |
| 105 | @a z 000yy | |
| 200 | 1 | @a计算机文化基础@AJi Suan Ji Wen Hua Ji Chu@f刘振安,苏仕华,张允熠编著@FLiu Zhen An,Su Shi Hua,Zhang Yun Yi Bian Zhu |
| 210 | @a北京@c科学出版社@d1999.9 | |
| 215 | @a177页@d16开 | |
| 606 | 0 | @a计算技术 |
| 606 | 0 | @a电子计算机 |
| 690 | @aTP3-05@v1 | |
| 701 | 0 | @a刘振安@4编著 |
| 701 | 0 | @a苏仕华@4编著 |
| 701 | 0 | @a张允熠@4编著 |
| 801 | @aCN@bTSTC@c20001219 | |
| 905 | @b294049@dTP3-05@e213@f1 | |
| 计算机文化基础/刘振安,苏仕华,张允熠编著.-北京:科学出版社,1999.9 |
| 177页;16开 |
| ISBN 7-03-007396-7:CNY16.00 |
| ● |
| 相关链接 |
|
|
|
|
正题名:计算机文化基础
索取号:TP3-05/213
 
预约/预借
| 序号 | 登录号 | 条形码 | 馆藏地/架位号 | 状态 | 备注 |
| 1 | 0294049 | 002940492 | 第二样本阅览室/ [索取号:TP3-05/213] | 在馆 |